Central Library OPAC University of Rajshahi

The Nineteenth Yearbook of the National Society for the Scientific Study of Education / (Record no. 61683)

MARC details
000 -LEADER
fixed length control field 00880nas a2200241 a 4500
001 - CONTROL NUMBER
control field 61683
003 - CONTROL NUMBER IDENTIFIER
rucl marc code BD-RjUL
005 - DATE AND TIME OF LATEST TRANSACTION
control field 20211209081006.0
008 - FIXED-LENGTH DATA ELEMENTS--GENERAL INFORMATION
fixed length control field 170121d1920 iluar m 0 a0eng d
035 ## - SYSTEM CONTROL NUMBER
System control number BD-RjUL
040 ## - CATALOGING SOURCE
Original cataloging agency (BD-RjUL)
Language of cataloging eng
Transcribing agency BD-RjU
Modifying agency BD-RjU
041 ## - LANGUAGE CODE
Language code of text/sound track or separate title eng
082 00 - DEWEY DECIMAL CLASSIFICATION NUMBER
Classification number 370.7105
Edition number 23
Author mark and year NIN 1920
245 08 - TITLE STATEMENT
Title The Nineteenth Yearbook of the National Society for the Scientific Study of Education /
Statement of responsibility, etc. Guy Montrose Whipple
260 ## - PUBLICATION, DISTRIBUTION, ETC. (IMPRINT)
Place of publication, distribution, etc. Bloomington, Illinois :
Name of publisher, distributor, etc. Public schhol pub. ,
Date of publication, distribution, etc. NIN 1920
300 ## - PHYSICAL DESCRIPTION
Pagination pt. :
Illustrations ill. ;
Size 23 cm.
505 0# - FORMATTED CONTENTS NOTE
Formatted contents note Pt. 1 New materials of instruction prepared by the society's committee on new materials of instruction --
650 #0 - SUBJECT ADDED ENTRY--TOPICAL TERM
Topical term or geographic name as entry element Education
General subdivision Study and teaching
Form subdivision Periodicals.
9 (RLIN) 183717
Topical term or geographic name as entry element Education.
9 (RLIN) 171727
700 ## - ADDED ENTRY--PERSONAL NAME
Personal name Whipple, Guy Montrose
942 ## - ADDED ENTRY ELEMENTS (KOHA)
Source of classification or shelving scheme Dewey Decimal Classification
Koha item type Books
Holdings
Lost status Source of classification or shelving scheme Damaged status Not for loan Collection code Permanent Location Current Location Shelving location Date acquired Source of acquisition Cost, normal purchase price Total Checkouts Full call number Date last seen Copy number Koha item type
  Dewey Decimal Classification   Not For Loan Non-fiction Central Library, University of Rajshahi Central Library, University of Rajshahi Reading Room 09/10/1957 Pak-American Corp. 13.70   370.7105 NIN Pt-1 1920 21/01/2017 C-1 Books